000 00590nam a2200217Ii 4500
003 JO-AjNU
008 230606s9999||||xx |||||||||||||| ||und||
020 _a978-0415-56126-6
040 _aJO-AjNU
_beng
_erda
_cJO-AjNU
041 _aeng
050 1 4 _aTA710.C685.2012
100 3 _aCraig, Kaappett,
_eauthor
_94079
245 0 0 _aCraigs Soil Mechanics
250 _a7 ed
264 3 1 _aLondon:Spon press,2012
300 _a552p
336 _atext
_btxt
_2rdacontent
337 _aunmediated
_bn
_2rdamedia
338 _avolume
_bnc
_2rdacarrier
650 4 _aCraigs Soil Mechanics
_94080
999 _aE2123
_c2122
_d2122